000 00588nam a2200253Ia 4500
005 20260306154017.0
008 008 260114s9999 xx 000 0 eng d
020 _a9781843313847
037 _aEBOOK
040 _aCRL
040 _beng
040 _cCRL
041 _2eng
041 _aeng
084 _qCRL
100 _aSharma/Chakrabarti
_91126692
245 0 _aTaiwan Today 1st ed
260 _bAnthem Press
260 _c2012
650 _aPolitical Science
856 _uhttps://doi.org/10.7135/UPO9781843313847
942 _cEBOOK
999 _c1705790
_d1705790